Manchester City fifa 23 ratings - Statistics

General Stats
  • This quiz has been taken 313 times
    287 since last reset
  • The average score is 15 of 20
Answer Stats
Rating Nationality Answer % Correct
91 Belgium Kevin De Bruyne
100%
89 Norway Erling Haaland
99%
88 Portugal Bernardo Silva
93%
88 Portugal Rúben Dias
92%
85 Algeria Riyad Mahrez
91%
88 Brazil Ederson Moraes
90%
85 Germany İlkay Gündoğan
88%
87 Spain Rodri Hernández
88%
84 England Phil Foden
86%
82 Switzerland Manuel Akanji
81%
80 Netherlands Nathan Aké
81%
84 England Jack Grealish
79%
83 England John Stones
76%
84 England Kyle Walker
76%
86 Spain Aymeric Laporte
74%
79 Argentina Julián Álvarez
71%
80 Germany Stefan Ortega
54%
80 England Kalvin Phillips
38%
74 Spain Sergio Gómez
38%
71 Argentina Máximo Perrone
21%
No matching quizzes found
Score Distribution
Percent of People with Each Score
Percentile by Number Answered
Your Score History
You have not taken this quiz since the last reset